[Event "Rated Blitz game"]
[Site "?"]
[Date "2021.05.24"]
[Round "?"]
[White "di_mochalov"]
[Black "sr654"]
[Result "1-0"]
[WhiteElo "2530"]
[BlackElo "2447"]
[PlyCount "67"]
[EventDate "2021.??.??"]
[EventType "blitz"]

1. e4 e5 2. Nf3 d5 3. Nxe5 dxe4 4. d4 exd3 5. Bxd3 Nf6 6. O-O Be7 7. Nc3 O-O 8.
Qf3 Nc6 9. Nxc6 bxc6 10. Qxc6 Rb8 11. Rb1 Bb7 12. Qa4 Nd5 13. Ne4 f5 14. Ng3 f4
15. Nf5 f3 16. g3 Bg5 17. Qg4 h6 18. h4 Bf6 19. Nxh6+ Kh8 20. Nf5 Qe8 21. Bg5
Bc8 22. Rfe1 Qf7 23. Bxf6 gxf6 24. Qd4 Rd8 25. Qxa7 Bb7 26. Rbd1 Nb4 27. a3
Nxd3 28. Rxd3 Qc4 29. Rxd8+ Rxd8 30. Qxb7 Qe2 31. Rf1 Rd1 32. Rxd1 Qxd1+ 33.
Kh2 Qd2 34. Qxf3 {Normal} 1-0

[Event "Rated Blitz tournament TGkxctED"]
[Site "?"]
[Date "2021.05.24"]
[Round "?"]
[White "ataberktr26"]
[Black "dr_xStranger"]
[Result "0-1"]
[WhiteElo "2444"]
[BlackElo "2527"]
[PlyCount "102"]
[EventDate "2021.??.??"]
[EventType "blitz"]

1. e4 e5 2. Nf3 d5 3. exd5 e4 4. Qe2 Nf6 5. Nc3 Be7 6. Nd4 O-O 7. d3 Nxd5 8.
Nxd5 Qxd5 9. Nb3 Re8 10. dxe4 Bb4+ 11. c3 Rxe4 12. Be3 Bd6 13. Rd1 Qe6 14. Qf3
Qe8 15. Bd3 Rf4 16. Qh5 g6 17. Qh6 Rf6 18. O-O Bf8 19. Qg5 Be7 20. Bd4 Re6 21.
Qh6 Bf8 22. Qg5 Be7 23. Qf4 Nc6 24. Bc4 Nxd4 25. Nxd4 Rf6 26. Qe3 Qf8 27. Rfe1
Bd6 28. Nb5 Bc5 29. Qe8 Bxf2+ 30. Kh1 Bxe1 31. Qxf8+ Kxf8 32. Nxc7 Rb8 33. Nd5
Re6 34. Nc7 Re7 35. Nd5 Re5 36. Nf4 Bg4 37. Ra1 Bd2 38. Nd3 Re3 39. Nf2 Be2 40.
Bb3 Rbe8 41. h3 Ba6 42. Kh2 Re1 43. Rxe1 Rxe1 44. Ng4 h5 45. Nf6 Bf4+ 46. g3
Re2+ 47. Kg1 Bxg3 48. Nd7+ Ke7 49. Nc5 Bf2+ 50. Kf1 Bxc5 51. c4 Rf2+ {Normal}
0-1

[Event "Rated Blitz game"]
[Site "?"]
[Date "2021.05.24"]
[Round "?"]
[White "Roboticus"]
[Black "annaly1979"]
[Result "0-1"]
[WhiteElo "2465"]
[BlackElo "2435"]
[PlyCount "92"]
[EventDate "2021.??.??"]
[EventType "blitz"]

1. e4 e5 2. Nf3 d5 3. exd5 e4 4. Qe2 f5 5. d3 Nf6 6. dxe4 fxe4 7. Nc3 Bb4 8.
Qb5+ c6 9. Qxb4 exf3 10. Be3 cxd5 11. O-O-O Nc6 12. Bb5 a6 13. Rhe1 Kf7 14.
Bxc6 bxc6 15. Bg5 Bf5 16. Bxf6 Qxf6 17. Qb7+ Kg6 18. gxf3 h5 19. Rg1+ Kh7 20.
Rde1 Rhb8 21. Qc7 Rc8 22. Qb7 Rab8 23. Qa7 Re8 24. Re3 d4 25. Ne4 Qh6 26. Ng5+
Kg8 27. Qxd4 Rxe3 28. fxe3 Re8 29. e4 Bc8 30. f4 Bg4 31. Qc4+ Be6 32. Qxc6 Bf7
33. Qxh6 gxh6 34. Nxf7+ Kxf7 35. Re1 Ke6 36. Kd2 Rg8 37. Ke3 h4 38. Rd1 h3 39.
f5+ Ke7 40. Kf4 Rg2 41. e5 Rf2+ 42. Ke4 Re2+ 43. Kd5 Rxh2 44. f6+ Kf7 45. Rd3
h5 46. c4 h4 {Time forfeit} 0-1

[Event "Rated Blitz game"]
[Site "?"]
[Date "2021.05.24"]
[Round "?"]
[White "frasigal"]
[Black "oALYoTANGc0"]
[Result "1/2-1/2"]
[WhiteElo "2438"]
[BlackElo "2364"]
[PlyCount "105"]
[EventDate "2021.??.??"]
[EventType "blitz"]

1. e4 e5 2. Nf3 d5 3. exd5 e4 4. Qe2 Nf6 5. d3 Qxd5 6. Nc3 Bb4 7. Bd2 Bxc3 8.
Bxc3 O-O 9. dxe4 Nxe4 10. Rd1 Qf5 11. Nd4 Qg6 12. f3 Nxc3 13. bxc3 Bd7 14. Kf2
Re8 15. Qd3 Qb6 16. Kg3 Nc6 17. Nxc6 Bxc6 18. Qd4 Qa5 19. Bc4 Qg5+ 20. Kf2 Rad8
21. Qg4 Rd2+ 22. Rxd2 Qxd2+ 23. Kg3 Qxc2 24. Qd4 Qg6+ 25. Kf2 b5 26. Bd3 Qg5
27. h4 Qd2+ 28. Kg3 Qxa2 29. h5 Qe6 30. h6 Qe5+ 31. Qxe5 Rxe5 32. hxg7 Rg5+ 33.
Kf2 Rxg7 34. Ra1 f6 35. Rxa7 h5 36. Bf5 Kf7 37. Rxc7+ Kf8 38. Rxc6 Re7 39. Rc8+
Kg7 40. g3 Kh6 41. Bd3 Kg5 42. Bxb5 Rd7 43. c4 Rd6 44. Ke3 Rd2 45. Rg8+ Kh6 46.
c5 Rc2 47. Rc8 Kh7 48. Bd3+ Kh6 49. Bxc2 Kg5 50. f4+ Kg4 51. Bf5+ Kxg3 52. Rg8+
Kh4 53. Kf2 {Normal} 1/2-1/2

[Event "Rated Blitz game"]
[Site "?"]
[Date "2021.05.24"]
[Round "?"]
[White "BMpachess"]
[Black "blastol"]
[Result "0-1"]
[WhiteElo "2397"]
[BlackElo "2410"]
[PlyCount "72"]
[EventDate "2021.??.??"]
[EventType "blitz"]

1. e4 e5 2. Nf3 d5 3. Nxe5 Bd6 4. d4 dxe4 5. Nc4 Nf6 6. Nxd6+ Qxd6 7. Be2 Nc6
8. Be3 O-O 9. a3 Nd5 10. c4 Nf4 11. d5 Nxg2+ 12. Kf1 Bh3 13. Kg1 Qg6 14. Bh5
Nxe3+ 15. Bxg6 Nxd1 16. Bxe4 Nd4 17. Bg2 Bxg2 18. Kxg2 Nxb2 19. Nc3 Nxc4 20.
Rad1 Nf5 21. Nb5 Rfc8 22. a4 Ncd6 23. Nc3 Re8 24. Rd3 Nh4+ 25. Kg3 Ng6 26. f4
Nf5+ 27. Kf3 Ngh4+ 28. Kg4 g6 29. Rb1 b6 30. Nb5 Re7 31. Rc1 Rae8 32. Rxc7 Re3
33. Rcc3 h5+ 34. Kg5 Kg7 35. Rc7 Rxd3 36. Rxa7 Nf3# {Normal} 0-1

[Event "Rated Blitz game"]
[Site "?"]
[Date "2021.05.24"]
[Round "?"]
[White "Wea_pawn"]
[Black "KamranShirazi"]
[Result "0-1"]
[WhiteElo "2601"]
[BlackElo "2541"]
[PlyCount "120"]
[EventDate "2021.??.??"]
[EventType "blitz"]

1. e4 e5 2. Nf3 d5 3. d4 dxe4 4. Nxe5 Nc6 5. Nxc6 bxc6 6. Bc4 Nf6 7. O-O h6 8.
Bf4 Bd6 9. Be5 O-O 10. Nc3 Re8 11. Bg3 Bg4 12. Qd2 Rb8 13. Bb3 Rb4 14. h3 Bxg3
15. fxg3 Rxd4 16. Qe3 Be6 17. Kh2 c5 18. Na4 c4 19. c3 Rd3 20. Qxa7 cxb3 21.
axb3 Qd6 22. Qf2 Bxb3 23. Nc5 e3 24. Qf5 Rd2 25. Nxb3 Rxb2 26. Nd4 e2 27. Rfe1
Re3 28. Qf2 Qe5 29. Nf3 Qh5 30. Nh4 Qe5 31. Nf3 Qe4 32. Nd4 h5 33. Ra8+ Kh7 34.
Ra5 h4 35. gxh4 Rxc3 36. Nf3 Qf4+ 37. Kh1 Ne4 38. Ng5+ Qxg5 39. Qxf7 Ng3+ 40.
Kh2 Qxa5 41. Qf2 Qe5 42. Kg1 Rb1 43. Rxb1 Rd3 44. Re1 Rd1 45. h5 Rxe1+ 46. Qxe1
Nxh5 47. Kh1 Ng3+ 48. Kg1 Qe3+ 49. Kh2 Nf1+ 50. Kh1 Ng3+ 51. Kh2 Qf4 52. Qb1+
g6 53. Qe1 Ne4+ 54. Kg1 Qe3+ 55. Kh2 g5 56. Kh1 Nf2+ 57. Kg1 Nd3+ 58. Kh2 Nxe1
59. Kh1 Qf2 60. Kh2 Qxg2# {Normal} 0-1

[Event "Rated Blitz game"]
[Site "?"]
[Date "2021.05.24"]
[Round "?"]
[White "Pliukha_Mikhail"]
[Black "annaly1979"]
[Result "1-0"]
[WhiteElo "2569"]
[BlackElo "2425"]
[PlyCount "107"]
[EventDate "2021.??.??"]
[EventType "blitz"]

1. e4 e5 2. Nf3 d5 3. exd5 e4 4. Qe2 f5 5. d3 Nf6 6. Nfd2 Be7 7. dxe4 fxe4 8.
Nc3 Bf5 9. Qb5+ Nbd7 10. Bc4 Bd6 11. Nb3 O-O 12. Nd4 a6 13. Qxb7 Nc5 14. Qc6
Bd7 15. Ne6 Qe7 16. Nxc5 Bxc6 17. dxc6+ Kh8 18. Nb3 Ng4 19. Nd1 Qh4 20. g3 Qf6
21. Rf1 Nxh2 22. Rh1 Nf3+ 23. Kf1 a5 24. Be3 a4 25. Nd2 Rae8 26. Be2 Nxd2+ 27.
Bxd2 Bxg3 28. Be3 Bxf2 29. Nxf2 Qxb2 30. Rd1 Qxc2 31. Rd2 Qc3 32. Rh3 Rf3 33.
Bxf3 Qxe3 34. Re2 Qc1+ 35. Re1 Qc4+ 36. Kg1 Qc3 37. Rxe4 Rxe4 38. Bxe4 Qe1+ 39.
Kg2 h6 40. Rf3 g5 41. Rf7 Qa5 42. Kf3 Kg8 43. Rd7 h5 44. Nd3 g4+ 45. Kf4 Qd2+
46. Kf5 Qa5+ 47. Ne5 Qc5 48. Bd5+ Kf8 49. Ng6+ Ke8 50. Kf6 Qd4+ 51. Kg5 Qe3+
52. Kxh5 Qh3+ 53. Kg5 g3 54. Bf7# {Normal} 1-0

[Event "Rated Blitz game"]
[Site "?"]
[Date "2021.05.24"]
[Round "?"]
[White "mezat"]
[Black "blastol"]
[Result "1-0"]
[WhiteElo "2583"]
[BlackElo "2419"]
[PlyCount "43"]
[EventDate "2021.??.??"]
[EventType "blitz"]

1. e4 e5 2. Nf3 d5 3. d4 dxe4 4. Nxe5 Bd6 5. Bf4 Nf6 6. Bc4 O-O 7. O-O Qe8 8.
Nc3 Nc6 9. Nxc6 Bxf4 10. Nb4 Ng4 11. g3 Bd6 12. Nbd5 c6 13. Ne3 Nxe3 14. fxe3
b5 15. Bb3 Bh3 16. Rf2 a5 17. Qh5 Qd7 18. Rxf7 Rxf7 19. Bxf7+ Qxf7 20. Qxh3 Qf3
21. Qe6+ Kh8 22. Qxe4 {Normal} 1-0

[Event "Rated Blitz game"]
[Site "?"]
[Date "2021.05.24"]
[Round "?"]
[White "gmmorsa"]
[Black "blastol"]
[Result "0-1"]
[WhiteElo "2334"]
[BlackElo "2409"]
[PlyCount "84"]
[EventDate "2021.??.??"]
[EventType "blitz"]

1. e4 e5 2. Nf3 d5 3. Nxe5 Bd6 4. d4 dxe4 5. Nc4 Nf6 6. Nc3 O-O 7. Nxd6 Qxd6 8.
Be2 Nc6 9. Be3 Nd5 10. O-O Nf4 11. Nxe4 Nxe2+ 12. Qxe2 Nxd4 13. Qd3 Nf3+ 14.
gxf3 Qc6 15. Qc3 Qg6+ 16. Kh1 Qh5 17. Bd4 f6 18. Rg1 Bf5 19. Bxf6 Bg6 20. Ng3
Qh6 21. Nf5 Qh5 22. Qxc7 Rf7 23. Ne7+ Rxe7 24. Qxe7 Qxf3+ 25. Rg2 Qxf6 26. Qxf6
gxf6 27. Rd1 Kf8 28. c3 Be4 29. Kg1 Bxg2 30. Kxg2 Ke7 31. Kf3 Rc8 32. Re1+ Kf7
33. Rd1 Ke7 34. Re1+ Kf8 35. Rd1 Rc7 36. Rd2 Re7 37. Kf4 Kf7 38. Kf5 Re5+ 39.
Kf4 Ke6 40. Rd3 Rf5+ 41. Kg4 Rxf2 42. Re3+ Kf7 {Time forfeit} 0-1

[Event "Rated Blitz game"]
[Site "?"]
[Date "2021.05.24"]
[Round "?"]
[White "Aibek_123"]
[Black "annaly1979"]
[Result "0-1"]
[WhiteElo "2482"]
[BlackElo "2412"]
[PlyCount "48"]
[EventDate "2021.??.??"]
[EventType "blitz"]

1. e4 e5 2. Nf3 d5 3. d4 dxe4 4. Nxe5 Bd6 5. Nc4 Nf6 6. Ne3 O-O 7. c4 c5 8. d5
Nbd7 9. Nc3 a6 10. Be2 Ne5 11. h3 Qc7 12. b3 Bd7 13. Qc2 b5 14. Nxe4 Nxe4 15.
Qxe4 bxc4 16. bxc4 Rfe8 17. Qc2 Ng6 18. O-O Nf4 19. Re1 Qc8 20. Bb2 Bxh3 21.
gxh3 Qxh3 22. Bf1 Ne2+ 23. Bxe2 Bh2+ 24. Kh1 Bg3+ {Normal} 0-1

[Event "Rated Blitz game"]
[Site "?"]
[Date "2021.05.23"]
[Round "?"]
[White "General_Maximus"]
[Black "TheMonsterNotTheNM"]
[Result "0-1"]
[WhiteElo "2430"]
[BlackElo "2460"]
[PlyCount "82"]
[EventDate "2021.??.??"]
[EventType "blitz"]

1. e4 e5 2. Nf3 d5 3. d3 Nc6 4. Nbd2 Nf6 5. Be2 Be6 6. O-O h6 7. c3 Qd7 8. b4
a6 9. Bb2 Bd6 10. a4 O-O 11. b5 axb5 12. axb5 Rxa1 13. Qxa1 Ne7 14. c4 d4 15.
Bxd4 exd4 16. e5 Bxe5 17. Nxe5 Qd6 18. Ndf3 Rd8 19. Qa7 b6 20. Ra1 g5 21. h3 h5
22. Nc6 Nxc6 23. bxc6 g4 24. hxg4 hxg4 25. Ng5 Bf5 26. Qb7 Qf4 27. Ra8 Rxa8 28.
Qxa8+ Kg7 29. Ne4 Bxe4 30. dxe4 Nxe4 31. Qd8 Qxf2+ 32. Kh2 Qf4+ 33. Kh1 g3 34.
Qxd4+ Kh6 35. Bd3 Nf2+ 36. Kg1 Qxd4 37. Be2 Qa1+ 38. Bf1 Qc1 39. c5 Qxc5 40.
Be2 Qxc6 41. Bf1 Qd6 {Time forfeit} 0-1

[Event "Rated Blitz game"]
[Site "?"]
[Date "2021.05.23"]
[Round "?"]
[White "murghimaster"]
[Black "KamranShirazi"]
[Result "0-1"]
[WhiteElo "2406"]
[BlackElo "2511"]
[PlyCount "56"]
[EventDate "2021.??.??"]
[EventType "blitz"]

1. e4 e5 2. Nf3 d5 3. Nxe5 Bd6 4. d4 dxe4 5. Bc4 Bxe5 6. dxe5 Qxd1+ 7. Kxd1
Bg4+ 8. Ke1 Nc6 9. Bf4 Nd4 10. Na3 Be6 11. c3 Bxc4 12. cxd4 Bd3 13. Kd2 O-O-O
14. Be3 Ne7 15. Rhc1 Nf5 16. Kc3 Rd5 17. g4 Nh4 18. Nc2 Bxc2 19. Rxc2 Nf3 20.
h3 Rhd8 21. Kc4 Nxd4 22. Rd2 b5+ 23. Kc3 c5 24. Rad1 Ne2+ 25. Rxe2 Rxd1 26.
Bxc5 Rc1+ 27. Kb4 a5+ 28. Kxb5 Rd5 {Normal} 0-1

[Event "Rated Blitz game"]
[Site "?"]
[Date "2021.05.23"]
[Round "?"]
[White "renanreis"]
[Black "khalid_ontawar"]
[Result "0-1"]
[WhiteElo "2424"]
[BlackElo "2474"]
[PlyCount "90"]
[EventDate "2021.??.??"]
[EventType "blitz"]

1. e4 e5 2. Nf3 d5 3. exd5 e4 4. Qe2 Nf6 5. d3 Bf5 6. Nbd2 Be7 7. dxe4 Bg6 8.
Ne5 O-O 9. f3 Re8 10. Nxg6 hxg6 11. c4 c6 12. Qd3 cxd5 13. cxd5 Bc5 14. Nb3
Bb4+ 15. Bd2 Nxd5 16. O-O-O Bxd2+ 17. Rxd2 Qc8+ 18. Rc2 Nb4 19. Rxc8 Nxd3+ 20.
Bxd3 Rxc8+ 21. Kd2 Nc6 22. Ke3 Rd8 23. Rc1 Rac8 24. a3 Ne5 25. Rxc8 Rxc8 26.
Nd4 Nxd3 27. Kxd3 Kf8 28. h4 a6 29. g3 Rc1 30. Nb3 Rb1 31. Kc2 Rg1 32. g4 Rg3
33. Nc5 Rxf3 34. Nxb7 Rf4 35. Nc5 Rxg4 36. Nxa6 Rxe4 37. b4 Rxh4 38. Nc5 Ke7
39. b5 Rh5 40. Nb3 Rxb5 41. a4 Rxb3 42. a5 Kd6 43. Kxb3 Kc7 44. Ka4 Kb7 45. Kb5
Ka7 {Time forfeit} 0-1

[Event "Rated Blitz game"]
[Site "?"]
[Date "2021.05.23"]
[Round "?"]
[White "ngth"]
[Black "TheMonsterNotTheNM"]
[Result "0-1"]
[WhiteElo "2464"]
[BlackElo "2439"]
[PlyCount "43"]
[EventDate "2021.??.??"]
[EventType "blitz"]

1. e4 e5 2. Nf3 d5 3. exd5 e4 4. Qe2 Nf6 5. d3 Be7 6. dxe4 O-O 7. Nbd2 c6 8.
dxc6 Nxc6 9. Qd1 Re8 10. Be2 Bc5 11. O-O Bg4 12. h3 Bh5 13. e5 Nxe5 14. Nxe5
Rxe5 15. Bxh5 Rxh5 16. Nb3 Bb6 17. Qxd8+ Rxd8 18. Bd2 Ne4 19. Ba5 Bxa5 20. Nxa5
Rxa5 21. Rfe1 Nf6 22. a3 {Normal} 0-1

[Event "Rated Blitz game"]
[Site "?"]
[Date "2021.05.23"]
[Round "?"]
[White "chesssink"]
[Black "TheMonsterNotTheNM"]
[Result "0-1"]
[WhiteElo "2499"]
[BlackElo "2426"]
[PlyCount "42"]
[EventDate "2021.??.??"]
[EventType "blitz"]

1. e4 e5 2. Nf3 d5 3. Nxe5 Bd6 4. d4 dxe4 5. Nc3 Bxe5 6. dxe5 Qxd1+ 7. Kxd1 Nc6
8. Bb5 Bg4+ 9. Ke1 Nge7 10. Bf4 O-O-O 11. Nxe4 Ng6 12. Bg3 Ncxe5 13. f3 Bf5 14.
Kf2 Bxe4 15. fxe4 Rd2+ 16. Ke3 Rxc2 17. h4 Rxb2 18. Ba4 Rxg2 19. Rh3 h5 20. Bb3
f6 21. Rf1 Rd8 {Normal} 0-1

[Event "Rated Blitz game"]
[Site "?"]
[Date "2021.05.23"]
[Round "?"]
[White "BlueFalkon"]
[Black "khalid_ontawar"]
[Result "1-0"]
[WhiteElo "2436"]
[BlackElo "2467"]
[PlyCount "125"]
[EventDate "2021.??.??"]
[EventType "blitz"]

1. e4 e5 2. Nf3 d5 3. d3 dxe4 4. dxe4 Qxd1+ 5. Kxd1 Bg4 6. h3 Bxf3+ 7. gxf3 Nc6
8. Be3 O-O-O+ 9. Nd2 Nf6 10. c3 Nh5 11. Kc2 f6 12. Bc4 Nf4 13. b4 Be7 14. h4 g6
15. Nb3 Rd6 16. a4 Rhd8 17. b5 Nb8 18. Bxa7 b6 19. a5 Kb7 20. axb6 cxb6 21.
Bxb8 Rxb8 22. Ra6 Rc8 23. Bf7 Kc7 24. h5 g5 25. h6 Ne2 26. Re1 Nf4 27. Ra7+ Kd8
28. Bg8 Nd3 29. Re3 Nxf2 30. Bxh7 Nd1 31. Rd3 Rxd3 32. Kxd3 Rxc3+ 33. Kd2 Rxb3
34. Kxd1 Rxf3 35. Bf5 Rf1+ 36. Ke2 Rh1 37. h7 Bf8 38. Rf7 Ke8 39. Bg6 Rh6 40.
Rxf6+ Ke7 41. Rf7+ Ke8 42. Rg7+ Kd8 43. Rg8 Ke7 44. h8=Q Rxh8 45. Rxh8 Bg7 46.
Bf5 Kf6 47. Rb8 g4 48. Rxb6+ Kg5 49. Kf2 Kf4 50. Rb7 Bf8 51. Rf7 Bc5+ 52. Kg2
g3 53. b6 Ke3 54. b7 Ba7 55. Rf8 Bb8 56. Rxb8 Kf4 57. Rg8 Ke3 58. b8=Q Kf4 59.
Rg4+ Ke3 60. Qxe5 Kd3 61. Rxg3+ Ke2 62. Qb2+ Ke1 63. Qf2+ {Time forfeit} 1-0

[Event "Rated Blitz game"]
[Site "?"]
[Date "2021.05.23"]
[Round "?"]
[White "murghimaster"]
[Black "KamranShirazi"]
[Result "1/2-1/2"]
[WhiteElo "2426"]
[BlackElo "2489"]
[PlyCount "110"]
[EventDate "2021.??.??"]
[EventType "blitz"]

1. e4 e5 2. Nf3 d5 3. exd5 e4 4. Ne5 Qxd5 5. d4 exd3 6. Nxd3 Bd6 7. Nc3 Qf5 8.
Be2 Nc6 9. O-O Be6 10. Be3 O-O-O 11. a4 Ne5 12. Nxe5 Qxe5 13. g3 Bc5 14. Bf4
Rxd1 15. Bxe5 Rxa1 16. Bxg7 Rxf1+ 17. Kxf1 Nf6 18. Bxh8 Bh3+ 19. Ke1 Ng4 20.
Ne4 Be7 21. Bd4 b6 22. Bxg4+ Bxg4 23. Nf6 Bf5 24. Kd2 a5 25. Bc3 Bc5 26. g4 Be6
27. f4 Be7 28. f5 Bxf6 29. fxe6 Bg5+ 30. Kd3 fxe6 31. Ke4 Kd7 32. Be5 Be7 33.
b3 c6 34. h3 b5 35. c4 bxc4 36. bxc4 Bb4 37. h4 Ke7 38. g5 Kf7 39. h5 Be7 40.
Kf4 Bd8 41. Kg4 Kg8 42. Bc3 Kf7 43. Bd2 e5 44. Kf5 e4 45. Kxe4 Ke6 46. Bf4 Bb6
47. Be5 Bd8 48. g6 hxg6 49. hxg6 Bb6 50. g7 Kf7 51. Bc3 Bc7 52. Kf5 Bb6 53. Ke4
Bc7 54. Bd4 Bd6 55. Bc3 Bc7 {Normal} 1/2-1/2

[Event "Rated Blitz game"]
[Site "?"]
[Date "2021.05.23"]
[Round "?"]
[White "tandaleo"]
[Black "TheMonsterNotTheNM"]
[Result "0-1"]
[WhiteElo "2459"]
[BlackElo "2429"]
[PlyCount "65"]
[EventDate "2021.??.??"]
[EventType "blitz"]

1. e4 e5 2. Nf3 d5 3. exd5 e4 4. Ne5 Qxd5 5. Nc4 Nc6 6. Nc3 Qf5 7. Ne3 Qg6 8.
d4 Bb4 9. d5 Bxc3+ 10. bxc3 Ne5 11. Qd4 f6 12. Ba3 Ne7 13. Bb5+ Bd7 14. Bxd7+
Nxd7 15. Qb4 Qf7 16. Qxb7 O-O 17. Qxc7 Rfd8 18. O-O Rac8 19. Qa5 Ng6 20. Nf5
Nc5 21. c4 Ne7 22. Nxe7+ Qxe7 23. Rab1 e3 24. fxe3 Qxe3+ 25. Kh1 Ne4 26. Qe1
Qd4 27. Bb2 Qxc4 28. Rd1 Rxd5 29. Rxd5 Qxd5 30. c3 Rb8 31. Ba1 Nd2 32. Rf2 Rb1
33. Qc1 {Normal} 0-1

[Event "Rated Blitz game"]
[Site "?"]
[Date "2021.05.23"]
[Round "?"]
[White "sr654"]
[Black "Michael_Watts"]
[Result "1/2-1/2"]
[WhiteElo "2482"]
[BlackElo "2330"]
[PlyCount "144"]
[EventDate "2021.??.??"]
[EventType "blitz"]

1. e4 e5 2. Nf3 d5 3. Nxe5 Bd6 4. d4 dxe4 5. Nc4 Nc6 6. c3 Nge7 7. Be2 O-O 8.
O-O f5 9. f3 exf3 10. Bxf3 Kh8 11. Nba3 Be6 12. Nxd6 Qxd6 13. Re1 Bd5 14. Nb5
Qd7 15. Bf4 Rac8 16. Na3 Bxf3 17. Qxf3 Nd5 18. Bd2 Rce8 19. Nc4 Nf6 20. Bf4 Nd5
21. Bg3 Rxe1+ 22. Rxe1 f4 23. Bf2 h6 24. Ne5 Nxe5 25. Rxe5 c6 26. Qe4 Qf7 27.
Qf3 Re8 28. Rxe8+ Qxe8 29. h4 Qg6 30. Qd1 Qe4 31. Qe1 Qc2 32. Qe8+ Kh7 33. h5
Qf5 34. Qb8 Qxh5 35. Qxb7 Qd1+ 36. Kh2 Qe2 37. Qxc6 Qh5+ 38. Kg1 Ne3 39. Bxe3
fxe3 40. Qf3 Qe8 41. Kf1 Qb5+ 42. Qe2 Qg5 43. Ke1 Qg3+ 44. Kd1 h5 45. Qxh5+ Kg8
46. Qf3 Qxf3+ 47. gxf3 Kf7 48. Ke2 Ke6 49. Kxe3 Kf5 50. f4 g6 51. Kf3 a6 52. d5
Kf6 53. c4 Ke7 54. Ke4 Kd6 55. Kd4 a5 56. c5+ Kc7 57. Ke5 Kd7 58. c6+ Kc7 59.
Ke6 g5 60. d6+ Kxc6 61. Ke7 gxf4 62. d7 f3 63. d8=Q f2 64. Qc8+ Kb5 65. Qf5+
Kb4 66. Qxf2 Ka4 67. Qe3 Kb5 68. Qa3 Ka6 69. Qxa5+ Kxa5 70. b3 Kb5 71. Kd6 Ka5
72. Kd5 Kb5 {Time forfeit} 1/2-1/2

[Event "Rated Blitz game"]
[Site "?"]
[Date "2021.05.23"]
[Round "?"]
[White "osu5nc"]
[Black "JH0NiKX76"]
[Result "1-0"]
[WhiteElo "2360"]
[BlackElo "2408"]
[PlyCount "49"]
[EventDate "2021.??.??"]
[EventType "blitz"]

1. e4 e5 2. Nf3 d5 3. exd5 e4 4. Qe2 Nf6 5. Nc3 Be7 6. Nxe4 O-O 7. d3 Qxd5 8.
Bg5 Nbd7 9. Nc3 Qa5 10. Bd2 Bb4 11. a3 Re8 12. Ne4 Bxd2+ 13. Nfxd2 Nxe4 14.
dxe4 Nf6 15. O-O-O Be6 16. Kb1 a6 17. Qe3 Rad8 18. Bd3 c5 19. Nc4 Qc7 20. e5
Nd5 21. Qg3 b5 22. Nd6 Re7 23. f4 c4 24. Be4 f5 25. Bxd5 {Normal} 1-0

[Event "Rated Blitz game"]
[Site "?"]
[Date "2021.05.23"]
[Round "?"]
[White "nrm18"]
[Black "GoughPhar"]
[Result "1-0"]
[WhiteElo "2467"]
[BlackElo "2425"]
[PlyCount "67"]
[EventDate "2021.??.??"]
[EventType "blitz"]

1. e4 e5 2. Nf3 d5 3. Nxe5 Bd6 4. d4 dxe4 5. Nc4 Nf6 6. Ne3 Nc6 7. c3 O-O 8.
Be2 h5 9. Bxh5 g6 10. Be2 Kg7 11. h4 Rh8 12. h5 Bf4 13. g3 Bg5 14. Nf5+ Bxf5
15. Bxg5 gxh5 16. Rxh5 Qd5 17. Bxf6+ Kxf6 18. Nd2 e3 19. fxe3 Rxh5 20. Bxh5 Rh8
21. Bf3 Rh1+ 22. Bxh1 Qxh1+ 23. Nf1 Be4 24. Qe2 Bf3 25. Qf2 Ne7 26. Kd2 Nf5 27.
Re1 Nd6 28. e4 Kg7 29. Kc1 Nxe4 30. Qe3 Qg2 31. Nd2 Nxd2 32. Qxd2 Qxg3 33. Qe3
Bg4 34. Qxg3 {Normal} 1-0

[Event "Rated Blitz game"]
[Site "?"]
[Date "2021.05.23"]
[Round "?"]
[White "murghimaster"]
[Black "KamranShirazi"]
[Result "0-1"]
[WhiteElo "2410"]
[BlackElo "2506"]
[PlyCount "98"]
[EventDate "2021.??.??"]
[EventType "blitz"]

1. e4 e5 2. Nf3 d5 3. exd5 e4 4. Ne5 Qxd5 5. d4 exd3 6. Nxd3 Bd6 7. Nc3 Qf5 8.
Be2 Nc6 9. O-O Be6 10. g4 Qa5 11. Bd2 O-O-O 12. Ne4 Qa4 13. Nxd6+ Rxd6 14. Nc5
Qd4 15. Nxe6 Qxd2 16. Nc5 Qh6 17. Bd3 Qf4 18. Ne4 Rh6 19. Ng3 Nge7 20. Qc1 Qxg4
21. Re1 Qh3 22. Nf1 Nd4 23. Be4 Rg6+ 24. Ng3 Nef5 25. Bg2 Nxg3 26. hxg3 Rxg3
27. fxg3 Qxg3 28. Qe3 Qxe3+ 29. Rxe3 Nxc2 30. Rae1 Nxe1 31. Rxe1 c6 32. Kf2 Kd7
33. Re2 Re8 34. Rxe8 Kxe8 35. Ke3 Ke7 36. Kd4 Kd6 37. b4 b6 38. Be4 g6 39. Bd3
f5 40. Be2 c5+ 41. bxc5+ bxc5+ 42. Kc4 h5 43. Bf3 h4 44. Bh1 h3 45. Bf3 g5 46.
a4 g4 47. Bh1 a5 48. Kb5 g3 49. Kxa5 g2 {Normal} 0-1

[Event "Rated Blitz tournament 8ewo3NZB"]
[Site "?"]
[Date "2021.05.23"]
[Round "?"]
[White "neurobyte"]
[Black "jflup"]
[Result "0-1"]
[WhiteElo "2432"]
[BlackElo "2460"]
[PlyCount "106"]
[EventDate "2021.??.??"]
[EventType "blitz"]

1. e4 e5 2. Nf3 d5 3. exd5 e4 4. Ne5 Qxd5 5. d4 exd3 6. Nxd3 Nf6 7. Nc3 Qf5 8.
Be2 Bd6 9. O-O Nc6 10. h3 a6 11. Be3 O-O 12. Bf3 Ne5 13. Nxe5 Qxe5 14. Re1 Qh2+
15. Kf1 Be6 16. Qd4 Rad8 17. Qh4 Ng4 18. Nd5 Bxd5 19. Qxg4 h5 20. Qh4 Bxf3 21.
gxf3 Rfe8 22. Rad1 g6 23. f4 Be7 24. Qg3 Qh1+ 25. Qg1 Qxh3+ 26. Qg2 Qf5 27. c3
c6 28. Qf3 Qb5+ 29. Kg2 Qxb2 30. f5 Qxc3 31. fxg6 fxg6 32. Rxd8 Rxd8 33. Qe4
Qf6 34. Bb6 Rd7 35. Qc4+ Kh7 36. Re3 Qf5 37. Qe6 Qxe6 38. Rxe6 Kg7 39. Bd4+ Kf7
40. Re4 Bf6 41. Be3 b5 42. a4 Rb7 43. axb5 axb5 44. Bc5 g5 45. Re3 Kg6 46. Re6
Kf5 47. Rxc6 b4 48. Rd6 b3 49. Rd1 b2 50. Rb1 Rb5 51. Ba3 Rb3 52. Bc5 Ke4 53.
Kf1 Kd3 {Normal} 0-1

[Event "Rated Blitz game"]
[Site "?"]
[Date "2021.05.23"]
[Round "?"]
[White "tontonflingueur"]
[Black "babageldi2277"]
[Result "0-1"]
[WhiteElo "2696"]
[BlackElo "2728"]
[PlyCount "142"]
[EventDate "2021.??.??"]
[EventType "blitz"]

1. e4 e5 2. Nf3 d5 3. d4 dxe4 4. Nxe5 Nf6 5. Nc3 Bd6 6. Bg5 O-O 7. Bc4 c5 8.
O-O cxd4 9. Qxd4 Bxe5 10. Qxe5 Nc6 11. Qf4 h6 12. Bxf6 Qxf6 13. Qxf6 gxf6 14.
Nxe4 Kg7 15. Nd6 Be6 16. Rfe1 Bxc4 17. Nxc4 Rac8 18. c3 Rc7 19. Nd6 Rd8 20.
Nf5+ Kg6 21. Nh4+ Kg7 22. Rad1 Rcd7 23. Rxd7 Rxd7 24. Nf3 b5 25. Kf1 b4 26. c4
a5 27. Ke2 a4 28. Rd1 Re7+ 29. Kf1 Na5 30. c5 Rc7 31. Rd4 Rxc5 32. Rxb4 a3 33.
bxa3 Rc1+ 34. Ke2 Rc2+ 35. Ke3 Rxa2 36. a4 Nc6 37. Rc4 Ne5 38. Nxe5 fxe5 39. g4
f6 40. h4 h5 41. gxh5 Kh6 42. f3 Kxh5 43. Kd3 Ra3+ 44. Ke4 Kg6 45. Kd5 Rxf3 46.
Kc6 Ra3 47. Kb6 f5 48. a5 f4 49. Rc6+ Kf5 50. Kb7 f3 51. a6 f2 52. Rc8 Kg4 53.
Ka7 f1=Q 54. Rg8+ Kh3 55. Rb8 Qf2+ 56. Ka8 Rxa6+ 57. Kb7 Qa7+ 58. Kc8 Qxb8+ 59.
Kxb8 Kxh4 60. Kc7 e4 61. Kb7 e3 62. Kxa6 e2 63. Kb5 e1=Q 64. Kb6 Qe4 65. Kc7
Kg5 66. Kb6 Kf5 67. Kb5 Qe5+ 68. Kb6 Qe6+ 69. Kb5 Ke5 70. Kc5 Qd5+ 71. Kb4 Qc6
{Time forfeit} 0-1

[Event "Rated Blitz game"]
[Site "?"]
[Date "2021.05.23"]
[Round "?"]
[White "Aventurero2018"]
[Black "TheMonsterNotTheNM"]
[Result "0-1"]
[WhiteElo "2503"]
[BlackElo "2412"]
[PlyCount "100"]
[EventDate "2021.??.??"]
[EventType "blitz"]

1. e4 e5 2. Nf3 d5 3. Nc3 d4 4. Ne2 Nc6 5. Ng3 f6 6. Bc4 Qe7 7. a3 Be6 8. Qe2
h5 9. h3 Nh6 10. b4 g6 11. Bb2 O-O-O 12. O-O-O Qf7 13. Bb5 Nb8 14. c3 a6 15.
Ba4 c5 16. bxc5 Bxc5 17. cxd4 exd4 18. d3 Ba2 19. Qc2 Nd7 20. Bxd4 Kb8 21. Bxd7
Bxd4 22. Nxd4 Rxd7 23. Qb2 Rc8+ 24. Kd2 Rcd8 25. Nc6+ Ka8 26. Nxd8 Rxd8 27. Rc1
h4 28. Ne2 f5 29. e5 Bc4 30. Rc3 f4 31. Rhc1 b5 32. Ke1 f3 33. dxc4 fxe2 34.
Qxe2 b4 35. axb4 Qf4 36. Qf3+ Qxf3 37. Rxf3 Nf5 38. Rf4 Rb8 39. c5 Kb7 40. Rg4
Rg8 41. c6+ Kc7 42. Kf1 Ne7 43. Rgc4 Rb8 44. Rd1 Kb6 45. c7 Rc8 46. Rd6+ Kb7
47. Rd7 Nc6 48. Rc5 Na7 49. Rd6 Nb5 50. Rxg6 Rxc7 {Time forfeit} 0-1